000 00310nam a2200121Ia 4500
008 190216s9999||||xx |||||||||||||| ||und||
100 _aSubrahmanyanan. N And Brijlal
245 0 _aFundamentals Of Physics
260 _bS Chand & Co
_c1990
300 _a790p
650 _aFundamentals Of Physics
942 _cBK
999 _c33206
_d33206